000 00405pab a2200169 454500
008 180718b2008 xxu||||| |||| 00| 0 eng d
100 _aTripathy, K.K.
245 _aFood security and food management in India: a review
260 _c2008
300 _ap.p.3-6.
362 _aJun
650 _aFood supply - India
650 _aFood supply
773 _aKurukshetra
908 _aN
909 _a78344
999 _c78344
_d78344